000 00827nam a2200277 i 4500
001 18256
003 ES-MaACL
005 20250911062635.0
007 t|
008 011010r20001989sp ||||0| spa j
020 _a84-233-1718-8
040 _aM-BN
_bspa
_cM-BN
080 _a821.162.3-31"19"
100 1 _aHrabal, Bohumil.
_964451
245 1 0 _aYo que he servido al rey de Inglaterra /
_cBohumil Hrabal ; traducción de Jitka Mlejnková y Alberto Ortíz.
250 _a5ª ed.
260 _aBarcelona :
_bDestino,
_c2000.
300 _a267 p. ;
_c23 cm.
490 1 _aAncora y delfín ;
_v633
700 1 _aMlejnková, Jitka.
_981729
700 1 _aOrtiz, Alberto.
_987546
830 0 0 _aÁncora y Delfín
_v633
_9151298
852 _aES-MaACL
_jL-24966
_bR.130327
999 _c18256
_d18256